Sinonimos argentinos a palabras en Español - Estadísticas

Estadísticas generales
  • Esta prueba ha sido intentada 302 veces
  • La puntuación promedio es 8 de 15
Estadísticas de respuestas
Palabra en Español Sinonimo en Español Argentino % Correcto
Tu Vos
99%
Balon Pelota
89%
Porteria (Futbol) Arco
65%
Españoles Gallegos
62%
Maiz Choclo
60%
Palomita Pochoclo
60%
Chico Pibe
55%
Zapatillas de Futbol Botines
54%
Desastre Quilombo
48%
Estadounidenses Yankees
41%
Brasileros Brazucas
38%
Homosexual Trolo
31%
Venga Dale
30%
Pereza Fiaca
29%
Respaldar Bancar
19%
No se encontraron pruebas coincidentes
Distribución de puntuación
Porcentaje de gente con cada puntuación
Porcentaje por número respondido
Historial de tus puntuaciones
No has intentado esta prueba.